01281nas a2200277Ia 4500001001100000003000900011008004100020040001300061040001300074041001300087100003800100210002100138222002100159245009700180250001100277260003600288501008600324300001000410310001200420362003400432500026000466650003600726942000700762999001900769952021500788R022/42828IT-RoPAU151124c99999999xx |||||||||||| ||und|| aIT-RoPAU cIT-RoPAU aITALIANO aAA.VV. gCodice Aut. SPICS: 12000 aINFORMAZIONI MCS aInformazioni Mcs aINFORMAZIONI MCS, ANNO 01-N.07 (OTTOBRE 1958)bInformazioni Mcs, Anno 01-N.07 (Ottobre 1958) a1a ed. aVICENZAbINFORMAZIONI MCSc1958 bPaulus - SPICS - Società San Paolo EM (non-commercial uses only)cCopyright2015 a16 p. aMENSILE aANNO 001, N.07 (OTTOBRE 1958) aBollettino della Commissione Regionale Dello Spettacolo per le Diocesi Venete. Lutto dell'A.C.E.C. per la Morte di Pio Xii. Convegno di Camaldoli Conaggiornamento Sui Problemi del Cinema. Elenco Film Vietati Ai Minori di 16Anni Dalla Commissione Governati aCINEMAvPUBBLICAZIONE PERIODICA cCR c110286d110286 0010406R_022_42828000000000071aSPICSbSPICSd2015-11-25l0oR022/42828r2015-11-25 00:00:00w2015-11-25yCRzProgr. Ins: 27677 / Copia rara: NO / date import: 25.11.2015 / By Epidotti, Trombetti, Vaglietti